عرض عادي عرض مارك
  • Kee, Joyce LeFever.

مدخل إسم شخص

عدد التسجيلات المستخدمة في: 1

001 - رقم الضبط

  • حقل الضبط: 11025

003 - معرف رقم الضبط

  • حقل الضبط: OSt

005 - تاريخ ووقت أخر عملية

  • حقل الضبط: 20120417002900.0

008 - عناصر بيانات ثابتة الطول

  • حقل تحكم ثابت الطول: 120417|||a|||||| | ||| d

040 ## - مصدر الفهرسة

  • هيئة الفهرسة الأصلية: OSt
  • وكالة الكتابة: OSt

100 ## - مدخل -- أسم شخص

  • إسم شخص: Kee, Joyce LeFever.

670 ## - بيانات المصدر موجوده

  • الاستشهاد بالمصدر: Work cat.: (OSt)21996: Kee, Joyce LeFever., Laboratory & diagnostic tests with nursing implications /, c2011.